Plant breeding and biotechnology: Enhancing crop resilience, productivity and sustainability (Record no. 395002)
[ view plain ]
| 000 -LEADER | |
|---|---|
| fixed length control field | 00621 a2200217 4500 |
| 005 - DATE & TIME | |
| control field | 20260206120123.0 |
| 008 - FIXED-LENGTH DATA ELEMENTS--GENERAL INFORMATION | |
| fixed length control field | 260206b |||||||| |||| 00| 0 eng d |
| 020 ## - ISBN | |
| International Standard Book Number | 9789359193373 |
| Price | Rs. 4995.00 |
| 040 ## - CATALOGING SOURCE | |
| Original cataloging agency | VIVEKANANDA LIBRARY |
| 082 ## - DDC NUMBER | |
| Classification number | 631.523 |
| Book Number | S23P |
| 100 ## - MAIN ENTRY--PERSONAL NAME | |
| Personal name | Sharma, S N |
| 245 ## - TITLE STATEMENT | |
| Title | Plant breeding and biotechnology: Enhancing crop resilience, productivity and sustainability |
| 260 ## - PUBLICATION, DISTRIBUTION, ETC. (IMPRINT) | |
| Name of publisher, distributor, etc | Daya Publishing House |
| Date of publication, distribution, etc | 2026 |
| Place of publication, distribution, etc | New Delhi |
| 300 ## - PHYSICAL DESCRIPTION | |
| Pages | xvii, 676 |
| 650 ## - Subject | |
| Subject | Agriculture |
| 650 ## - Subject | |
| Subject | Plant Breeding |
| 650 ## - Subject | |
| Subject | Biotechnology |
| 650 ## - Subject | |
| Subject | Crop Production |
| 700 ## - Added Entry Personal Name | |
| Added Entry Personal Name | Swati Sharma |
| 942 ## - ADDED ENTRY ELEMENTS (KOHA) | |
| Koha item type | Books |
| Withdrawn status | Lost status | Source of classification or shelving scheme | Damaged status | Not for loan | Location (home branch) | Sublocation or collection (holding branch) | Shelving location | Date acquired | Koha issues (times borrowed) | Koha full call number | Accession No. | Koha date last seen | Koha item type |
|---|---|---|---|---|---|---|---|---|---|---|---|---|---|
| Dewey Decimal Classification | VIVEKANANDA LIBRARY | VIVEKANANDA LIBRARY | Vivekananda Library | 27/01/2026 | 631.523 S23P | 444275 | 27/01/2026 | Books |
